000 02075nam a2200133Ia 4500
008 220620s9999||||xx |||||||||||||| ||und||
020 _a9783040000000
245 0 _aPolicies and Strategies in Sexual and Reproductive Health
546 _aEnglish[eng]
650 _afemale genital mutilation (FGM)||women’s health needs||equality||quality of maternity care||midwifery continuity of care||sexually transmitted infections||economic recession||transients and migrants||government health expenditure||adolescents||maternal health||family planning||abortion||training||health professionals||unplanned pregnancy||Thailand||pre-post evaluation||son preference||reproductive behavior||migrant women||subsequent parity||HIV prevention||unintended pregnancies||condom use||sexual risk||Latins||psychometric||validity||sexual behavior||STI prevention||US state laws||infant mortality||chronic fatigue||endometriosis||psychosocial status||quality of life||validation study||satisfaction questionnaire||birth attention||patient satisfaction||diagnostic||diagnostic targets||ELISA-enzyme linked immunosorbent assay||epitopes||immunogens||sera||serodiagnosis||Trichomonas vaginalis||non-prescription drugs||community pharmacies||consultation||patient simulation||emergency contraception||ulipristal acetate||Germany||sexual behaviour||sexual health||sexually transmitted diseases||public health||risk groups||Apgar score||meta-analysis||Neonatal Intensive Care Unit||neonatal morbidity||newborn care||labor stage||second||systematic review||maternal dietary patterns||pregnancy||gestational gain weight||offspring||patient and public involvement||women||health||research||international collaboration||ethnic disparity||utilization||maternal and child health services||China||attitudes||HIV/AIDS||students||nursing||post-traumatic stress disorder||predictive model||validation||intimate partner violence||prevalence||umbrella review||n/a
700 _aMartínez Galiano, Juan Miguel||Delgado-Rodríguez, Miguel
856 _uhttps://mdpi.com/books/pdfview/book/3705
942 _cEB
999 _c30358
_d30358